[Event "FICGS class C 000073 email"]
[Site "FICGS email"]
[Date "2009.04.01"]
[Round "1"]
[White "De Waele, Willy"]
[Black "Kal, Izzak"]
[Result "0-1"]
[WhiteElo "1876"]
[BlackElo "1800"]
[PlyCount "90"]
[EventDate "2009.??.??"]
[EventType "tourn (corr)"]
[EventRounds "1"]
[SourceTitle "Corr 2022"]
[Source "ChessBase"]
[SourceDate "2021.10.24"]
[SourceVersion "1"]
[SourceVersionDate "2021.10.24"]
[SourceQuality "1"]

1. e4 c5 2. Nf3 d6 3. d4 cxd4 4. Nxd4 Nf6 5. Nc3 a6 6. Bg5 e6 7. f4 Nbd7 8. Qf3 Qc7 9. 0-0-0 b5 10. Bd3 Bb7 11. Rhe1 Qb6 12. Nd5 exd5 13. Nc6 dxe4 14. Bxe4 Nc5 15. Bxf6 gxf6 16. Bd5+ Kd7 17. Qh5 Kc7 18. Qxf7+ Nd7 19. Nb4 Rd8 20. Kb1 a5 21. Bxb7 Qxb7 22. Nd5+ Kb8 23. Re8 Bh6 24. Rxd8+ Rxd8 25. Qe7 Rc8 26. Qxd6+ Ka7 27. Qa3 a4 28. Qh3 Bg7 29. Qe3+ Kb8 30. g4 Bf8 31. a3 Qc6 32. Qd3 h6 33. Qf5 Nb6 34. Nxf6 Ka7 35. h3 Bg7 36. Nh5 Bh8 37. c3 Re8 38. Qd3 Nc4 39. Ka1 Ka6 40. f5 Re3 41. Qd5 Qxd5 42. Rxd5 Re1+ 43. Ka2 Na5 44. Rd6+ Kb7 45. Rd7+ Kc8 0-1

[Event "FICGS class C 000073 email"]
[Site "FICGS email"]
[Date "2009.04.01"]
[Round "1"]
[White "Kal, Izzak"]
[Black "Moulin, Jean Fred"]
[Result "1-0"]
[WhiteElo "1800"]
[BlackElo "1862"]
[PlyCount "47"]
[EventDate "2009.??.??"]
[EventType "tourn (corr)"]
[EventRounds "1"]
[SourceTitle "Corr 2022"]
[Source "ChessBase"]
[SourceDate "2021.10.24"]
[SourceVersion "1"]
[SourceVersionDate "2021.10.24"]
[SourceQuality "1"]

1. e4 c6 2. d4 d5 3. Nc3 dxe4 4. Nxe4 Bf5 5. Ng3 Bg6 6. h4 h6 7. Nf3 Nd7 8. h5 Bh7 9. Be3 Ngf6 10. Bd3 Bxd3 11. Qxd3 e6 12. 0-0-0 Be7 13. Ne4 Nxh5 14. Rxh5 Nf6 15. Nxf6+ Bxf6 16. g4 g6 17. Rxh6 Qd5 18. Rxh8+ Bxh8 19. Bg5 Qxa2 20. c4 Rd8 21. Rh1 Qa1+ 22. Qb1 Qxb1+ 23. Kxb1 Bxd4 24. Bxd8 1-0

[Event "FICGS rapid B 000118 email"]
[Site "FICGS email"]
[Date "2009.03.29"]
[Round "1"]
[White "Kal, Izzak"]
[Black "Munkoev, Mikhail"]
[Result "1-0"]
[WhiteElo "1800"]
[BlackElo "1800"]
[PlyCount "49"]
[EventDate "2009.??.??"]
[EventType "tourn (rapid)"]
[EventRounds "6"]
[SourceTitle "Corr 2022"]
[Source "ChessBase"]
[SourceDate "2021.10.24"]
[SourceVersion "1"]
[SourceVersionDate "2021.10.24"]
[SourceQuality "1"]

1. e4 e5 2. Nf3 Nc6 3. Bb5 a6 4. Ba4 Nf6 5. 0-0 Be7 6. Re1 b5 7. Bb3 0-0 8. a4 b4 9. d4 exd4 10. e5 Ne8 11. Nxd4 Nxd4 12. Qxd4 Bb7 13. Bf4 c5 14. Qe3 Nc7 15. Nd2 d5 16. exd6 Bxd6 17. Bxd6 Qxd6 18. Nc4 Qg6 19. Qg3 Qxg3 20. fxg3 Rad8 21. Re7 Rc8 22. Nb6 Rfe8 23. Nxc8 Rxc8 24. Rd1 Bc6 25. Rxc7 1-0